[Event "VIE-ch (Women)"]
[Site "Da Lat"]
[Date "2011.03.21"]
[Round "2"]
[White "Hoang Le My, Anh"]
[Black "Nguyen, Thi Hanh"]
[Result "1-0"]
[WhiteElo "2014"]
[BlackElo "1969"]
[PlyCount "49"]
[EventDate "2011.03.20"]
[EventType "swiss"]
[EventRounds "11"]
[EventCountry "VIE"]
[SourceTitle "CBM 141 Extra"]
[Source "ChessBase"]
[SourceDate "2011.05.03"]
[SourceVersion "1"]
[SourceVersionDate "2011.05.03"]
[SourceQuality "1"]

1. e4 e5 2. Nf3 d6 3. Bc4 Be7 4. d4 Nd7 5. dxe5 dxe5 6. Qd5 Bb4+ 7. c3 Qe7 8. cxb4 Nb6 9. Qxf7+ Qxf7 10. Bxf7+ Kxf7 11. Nxe5+ Ke7 12. Nc3 Nf6 13. Bg5 Re8 14. 0-0-0 Kf8 15. Bxf6 gxf6 16. Nd3 Be6 17. Nc5 Rab8 18. b3 c6 19. Rd6 Kf7 20. Rhd1 Re7 21. f3 Rg8 22. R1d2 Nc8 23. Rd8 Rge8 24. Ne2 a6 25. Nf4 1-0